A vision of youth (Record no. 14811)
[ view plain ]
| 000 -LEADER | |
|---|---|
| fixed length control field | 00381cjm a22001453a 4500 |
| 040 ## - CATALOGING SOURCE | |
| Transcribing agency | DLC |
| 082 ## - DEWEY DECIMAL CLASSIFICATION NUMBER | |
| Classification number | 333 GRY 1999 A070 Or. |
| 245 02 - TITLE STATEMENT | |
| Title | A vision of youth |
| Remainder of title | nosotois, Vol. II / |
| 260 ## - PUBLICATION, DISTRIBUTION, ETC. (IMPRINT) | |
| Place of publication | [Michigan : |
| Name of publisher | Gryphon Shepherd, |
| Year of publication | 1999] |
| 300 ## - PHYSICAL DESCRIPTION | |
| Number of Pages | 1 sound disc : |
| Other physical details | digital ; |
| Dimensions | 4 3/4 in. |
| 500 ## - GENERAL NOTE | |
| General note | Compact disc. |
| 500 ## - GENERAL NOTE | |
| General note | Brief record. |
| 650 #0 - SUBJECT ADDED ENTRY--TOPICAL TERM | |
| Topical Term | Rock music |
| 942 ## - ADDED ENTRY ELEMENTS (KOHA) | |
| Koha item type | សៀវភៅភាសាអង់គ្លេស |
| 952 ## - LOCATION AND ITEM INFORMATION (KOHA) | |
| Withdrawn status [LOCAL, KOHA] | 0 |
| Permanent Location | Date acquired | Koha item type | Lost status | Shelving location | Barcode | Current Location | Full call number |
|---|---|---|---|---|---|---|---|
| Library Block A | 2017-10-27 | សៀវភៅភាសាអង់គ្លេស | A070 | A06405 | Library Block A | 333 GRY 1999 A070 Or. |